La Divisió territorial de Catalunya
ISBN:
84-322-9508-6
Descripción Física:
VIII, 116, [18] p., map., [36] p. de làm. : il., fot. ; 22 cm
MARC
| LEADER | 00000nam a2200000Ia 4500 | ||
|---|---|---|---|
| 001 | 14055 | ||
| 008 | 160829s9999 xx 000 0 cat d | ||
| 020 | |a 84-322-9508-6 | ||
| 080 | |a M-4-104 | ||
| 245 | |a La Divisió territorial de Catalunya | ||
| 260 | |a [Barcelona] : |b Congrés de Cultura Catalana : |b Seix Barral, DL 1977 | ||
| 300 | |a VIII, 116, [18] p., map., [36] p. de làm. : |b il., fot. ; |c 22 cm | ||
| 590 | |a Facsímil, Barcelona : Generalitat de Catalunya, Conselleria d'Economia, 1937 | ||
| 651 | 0 | |a Catalunya |x Divisions administratives i polítiques |9 54246 | |
| 710 | 1 | |a Catalunya. |b Conselleria d'Economia |9 56401 | |
| 901 | |a Arxiu | ||
| 942 | |n 1 | ||
| 952 | |0 0 |1 0 |4 0 |6 M4104 |7 1 |9 42017 |a Arxiu |b Arxiu |d 2016-12-01 |l 0 |o M-4-104 |p 14055 |r 2016-12-01 00:00:00 |w 2016-12-01 |y ARXIU | ||
| 999 | |c 44464 |d 44464 | ||